Fußball Quiz (schwer) WM 2010 Special - Statistiken

Allgemein
  • Dieses Quiz wurde 64 mal gespielt
  • Das Durchschnittsergebnis liegt bei 8 aus 21
Antwortstatistiken
Hint Antwort % Korrekt
Wen erkannte Maradona auf einer Pressekonferenz nicht als Spieler? Thomas Müller
93%
Welcher deutsche Spieler erhielt im Gruppenspiel gegen Serbien in der 1. Halbzeit eine rote Karte? Miroslav Klose
76%
Gegen welches Land kassierte Spanien sein einziges Gegentor bei diesem Turnier? Schweiz
65%
Wer erzielte das 4:0 für Deutschland im ersten Gruppenspiel? Cacau
61%
Und wer verursachte diesen Elfmeter mit einem kuriosen Handspiel? Luis Suárez
61%
Welche Nation boykottierte das Training? Frankreich
56%
Welcher ehemalige HSV Spieler traf im Spiel um Platz 3? Marcell Jansen
56%
Wer verschoss im Viertelfinale einen Elfmeter in der Nachspielzeit der Verlängerung? Asamoah Gyan
54%
Wer war, wie bei der WM 2006, der Achtelfinalgegner von Argentinien? Mexiko
44%
Und wo spielte er in den Bundesliga? 1. FC Nürnberg
30%
Und wer erzielte dieses Tor? Gelson Fernandes
30%
Welcher ehemalige Bundesliga Stürmer erzielte für die Slowakei vier Treffer bei? Robert Vittek
28%
Wer erhielt in diesem Spiel eine rote Karte? Tim Cahill
24%
Welches falsche Ergebnis wurden dem nordkoreanischen Volk als Ergebnis gegen Brasilien präsentiert? 1:1
22%
Und bei welchem Bundesligaverein spielte er zuerst? SC Freiburg
22%
Wer erzielte im Achtelfinale Deutschland gegen England den Anschlusstreffer für England? Matthew Upson
17%
Gegen welche Nation traf dieser Spieler im Turnier? Uruguay
17%
Wer wurde nach der WM in seinem Heimatland zum Ritter des Ordens von Oranien-Nassau geschlagen? Giovanni van Bronckhorst
9%
Und bei welchem Verein in der Bundesliga war er aktiv? Borussia Mönchengladbach
6%
Welche ehemalige Bundesligaspieler schoss den das 2:2 gegen Algerien? Michael Bradley
4%
Und wie wurde dieses Chaos in den Medien bezeichnet? Fiasko von Knysna
0%
Keine übereinstimmenden Quizze gefunden
Verteilung der Resultate
Anzahl Personen mit jedem Resultat
Perzentil nach korrekt beantworteten Fragen
Ihre Resultats-Entwicklung
Sie haben dieses Quiz noch nicht gespielt